Statistics for Major Exports in Eastern Europe

Click here to take the quiz!

General Stats

  • This quiz has been taken 28 times
    (27 since last reset)
  • The average score is 4 of 25

Answer Stats

Country Answer % Correct
Fuel/Petroleum
87%
MoldovaFood
27%
BelarusMachinery
20%
Metal
13%
Chemical
7%
Textile
7%
Manufactured Goods
7%
Manufactures
7%
Mineral
0%
Textiles
0%
Chemicals
0%
Raw materials
0%
Fuel
0%
Raw Materials
0%

Score Distribution

Percentile by Number Answered

Percent of People with Each Score

Your Score History

You have not taken this quiz since the last reset